000 00686nam a22002297a 4500
005 20170124105909.0
010 _aA-302866
020 _a0194424103
_c00
035 _aA-302866
037 _bCen Lib/Ret
040 _aDPL
_bEN
082 _a618.9
245 _aPaediatrics in the tropics :
_bcurrent review /
_cedited by R.G. Hendrickse
260 _aLondon
_bOxford University Press
_c1981
270 _aOxford OX2 6DP
_bWalton Street
300 _axii, 375p.:
_c25cm(Hb)
_bill.
500 _aIncludes index
650 _aMedicine
_93881
650 _aChildren (Helth and hygenes)
_9142868
700 _aHendrickse, R.G.
_99980
942 _2ddc
_cEN
_h618.9
_mPAE
999 _c122421
_d122421